| 000 | 01372nkm a2200301 i 4500 | ||
|---|---|---|---|
| 001 | 3102 | ||
| 003 | ES-MaACL | ||
| 005 | 20250713062552.0 | ||
| 007 | khrbo | ||
| 008 | 041118s1982 sp --- g |001||spa d | ||
| 100 | 0 |
_aAlfonso, _d1902-1990 _919858 |
|
| 245 | 1 | 0 |
_aPresentación del audiovisual "La Argentina" o el genio de la danza española [ _hFotografía] / _cAlfonso (sello). |
| 260 |
_a[S.l. : _bs.n.], _c1982. |
||
| 300 |
_a4 fot. : _bb. y n. ; _c12,5 x 18 cm. |
||
| 490 | 1 | _aHomenaje a Antonia Mercé "La Argentina" | |
| 500 | _aDatos basados en invitación. | ||
| 511 | 0 | _aIntervienen: Mariemma, Andrés Ruiz Tarazona. | |
| 518 | _aActo organizado por El Comité Español del "Conseil Internacional de la Danse" U.N.E.S.C.O. en colaboración con el Ateneo de Madrid, celebrado en el salón de actos el miércoles 15 de septiembre, a las 20:15 h. | ||
| 600 | 1 | 4 |
_aMariemma. _976719 |
| 600 | 1 | 4 |
_aRuiz Tarazona, Andrés. _9100932 |
| 610 | 2 | 4 |
_aAteneo de Madrid- _xActos culturales- _y1982- _vFotografías. _91894 |
| 710 | 2 |
_aAteneo de Madrid. _91875 |
|
| 710 | 2 |
_aConsejo Internacional de la Danza. _bComité Español. _93218 |
|
| 830 | 0 |
_aHomenaje a Antonia Mercé "La Argentina" _9176705 |
|
| 852 |
_aES-MaACL _jFOT 47/1982 |
||
| 856 | 4 |
_uhttp://www.ateneodemadrid.net/biblioteca_digital/imagenes/1982/0047-1982.jpg _zVer imagen |
|
| 999 |
_c3102 _d3102 |
||